| 000 | 00471cam a22002051 4500 | ||
|---|---|---|---|
| 001 | sa 66001211 | ||
| 003 | DLC | ||
| 005 | 20260227112220.0 | ||
| 008 | 890811s1965 ii 000 0 beno | ||
| 010 | _asa 66001211 | ||
| 035 | _a(OCoLC)20162201 | ||
| 040 |
_aDLC _cWaU _dDLC |
||
| 042 | _apremarc | ||
| 050 | 0 | 0 |
_aPK1718.D475 _bE4 |
| 100 | 1 | _aDey, Bishnu. | |
| 245 | 1 | 0 | _aEkuśa bāiśa. |
| 260 | _c[1965] | ||
| 300 |
_a6, 297 p. _c23 cm. |
||
| 500 | _aIn Bengali. | ||
| 999 |
_c67636 _d67636 |
||